| 000 | 00831cam a22002537a 4500 | ||
|---|---|---|---|
| 008 | |||
| 020 | _a9780750683005 (pbk.) | ||
| 049 | _aMAIN | ||
| 090 |
_aNA2542.3 _bSMI |
||
| 100 | 1 | _aSmith, Peter F. | |
| 245 | 1 | 0 |
_aSustainability at the cutting edge : _bemerging technologies for low energy buildings / _cPeter F. Smith. |
| 250 | _a2nd ed. | ||
| 260 |
_aAmsterdam : _bArchitectural Press, _c2007. |
||
| 300 |
_axiv, 180 p. : _bill. (some col.) ; _c25 cm. |
||
| 500 | _aIncludes index. | ||
| 504 | _aIncludes bibliographical references. | ||
| 650 | 0 | _aArchitecture and energy conservation. | |
| 650 | 0 |
_aArchitecture _xEnvironmental aspects. |
|
| 907 |
_a.b10317831 _b27-02-13 _c12-09-12 |
||
| 003 | |||
| 005 | 20230123125446.0 | ||
| 040 | _cNUST | ||
| 942 |
_cBOOKS _kNA2542.3 _mSMI |
||
| 999 |
_c141858 _d141858 |
||